000 00571nam a2200217 a 4500
999 _c824
_d824
008 191101s2011 ii ||||g |||| 00| 1 eng d
020 _a9780143416319
_cRs. 125.00
040 _aKO
_beng
041 0 _aeng
044 _aii
082 0 4 _223
_a823.912
_bOr9
100 1 _aOrwell, George
245 1 0 _aAnimal Farm :
_bA Fairy Story /
_cGeorge Orwell
260 _aNew Delhi :
_bPenguin Books India Pvt. Ltd. ,
_c2011
300 _a94 p. ;
_c18 cm.
650 0 _aDomestic animals
_vFiction
650 0 _aEquality
_vFiction
904 _aA_BOSE
942 _cBK